000 00310nam a2200133Ia 4500
100 _aLiloyd/Edward
942 _cBK
654 _aMetal Industries
245 _aSheet Metal Industries Year Book 1972-3
260 _bSheet Metal Industries
_aLondon
082 _a671.8
_bLIL
546 _aENGLISH
999 _c29079
_d29079